000 00666nam a2200181 i 4500
001 164238
003 ES-MaACL
005 20250825063339.0
008 050728s1896 fr | |||||||| ||fre d
040 _aCAM
_bspa
_cCAM
100 1 _aSabatier, Paul,
_d1858-1928
_9101187
245 1 0 _aUn nouveau chapitre de la Vie de S. François d'Assise /
_cpar Paul Sabatier.
260 _aParis :
_bLibrairie Fischbacher,
_c1896 (
_eDole :
_fTypographie L. Bernin)
300 _a24 p. ;
_c22 cm.
600 0 4 _aFrancisco de Asís
_cSanto-
_xBiografías.
_952190
852 _aES-MaACL
_jF-3467(2)
_z-- Enc. hol. conservando la cub. original
999 _c164238
_d164238